Biology / (Record no. 9951)
[ view plain ]
| 000 -LEADER | |
|---|---|
| fixed length control field | 00672nam a2200253 a 4500 |
| 001 - CONTROL NUMBER | |
| JCCL Control Number | 9951 |
| 003 - CONTROL NUMBER IDENTIFIER | |
| JCCL marc code | BD - JhCC |
| 005 - DATE AND TIME OF LATEST TRANSACTION | |
| control field | 20180404100155.0 |
| 008 - FIXED-LENGTH DATA ELEMENTS--GENERAL INFORMATION | |
| fixed length control field | 180403s1987 enk 000 0 eng d |
| 020 ## - INTERNATIONAL STANDARD BOOK NUMBER | |
| International Standard Book Number | 0330299379 |
| 035 ## - SYSTEM CONTROL NUMBER | |
| system control number | (BD-JhCC)9951 |
| 040 ## - CATALOGING SOURCE | |
| Original cataloging agency | BD-JhCC |
| Modifying agency | BD-JhCC |
| 041 ## - LANGUAGE CODE | |
| Language code of Book | eng |
| 082 ## - DEWEY DECIMAL CLASSIFICATION NUMBER | |
| Author mark and Year | BRO 1987 |
| Classification number | 574 |
| 100 1# - MAIN ENTRY--PERSONAL NAME | |
| Personal name | Brother H. Charles, |
| Fuller form of name | (Nigel P. O.) |
| 245 10 - TITLE STATEMENT | |
| Title | Biology / |
| Statement of responsibility, etc | Charles, Brother H. |
| 260 ## - PUBLICATION, DISTRIBUTION, ETC. (IMPRINT) | |
| Place of publication, distribution, etc | Pan Books : |
| Name of publisher, distributor, etc | London, |
| Date of publication, distribution, etc | 1987. |
| 300 ## - PHYSICAL DESCRIPTION | |
| Pagination | 492 p. : |
| Other physical details | ill. ; |
| Dimensions | 25 cm |
| 500 ## - GENERAL NOTE | |
| General note | Cover title: GCSE biology |
| 500 ## - GENERAL NOTE | |
| General note | A Pan original |
| 650 #0 - SUBJECT ADDED ENTRY--TOPICAL TERM | |
| Topical term or geographic name as entry element | Biology |
| Form subdivision | Examinations, questions, etc. |
| 942 ## - ADDED ENTRY ELEMENTS (KOHA) | |
| Source of classification or shelving scheme | Dewey Decimal Classification |
| Koha item type | Reference |
| Source of classification or shelving scheme | Damaged status | Not for loan | Home library | Current library | Shelving location | Date of accession | Total Checkouts | Full call number | Barcode | Date last seen | Copy number | Koha item type |
|---|---|---|---|---|---|---|---|---|---|---|---|---|
| Dewey Decimal Classification | JCC Rouf Library | JCC Rouf Library | General Stacks | 04/03/2018 | 574 BRO 1987 | 9150 | 04/03/2018 | C-1 | Reference |